[Event "MP do 18 lat - chlopcy"]
[Site "Sypniewo"]
[Date "2022.03.24"]
[Round "6.1"]
[White "Kacprzak, Kacper"]
[Black "Baum, Jonasz"]
[Result "1/2-1/2"]
[BlackElo "2317"]
[WhiteElo "2248"]
[LiveChessVersion "1.4.8"]

1. d4 {[%clk 1:30:56]} Nf6 {[%clk 1:30:37]} 2. c4 {[%clk 1:31:20]} e6
{[%clk 1:30:38]} 3. Nf3 {[%clk 1:31:41]} d5 {[%clk 1:30:53]} 4. g3
{[%clk 1:31:24]} Bb4+ {[%clk 1:26:31]} 5. Bd2 {[%clk 1:28:57]} Be7
{[%clk 1:26:51]} 6. Bg2 {[%clk 1:28:54]} O-O {[%clk 1:27:14]} 7. Qc2
{[%clk 1:24:16]} c6 {[%clk 1:25:41]} 8. O-O {[%clk 1:24:39]} Nbd7
{[%clk 1:24:56]} 9. Rd1 {[%clk 1:18:57]} b6 {[%clk 1:21:47]} 10. Bf4
{[%clk 1:17:37]} Bb7 {[%clk 1:20:07]} 11. Nbd2 {[%clk 1:04:40]} Rc8
{[%clk 1:12:15]} 12. Rac1 {[%clk 0:47:50]} Nh5 {[%clk 1:08:12]} 13. Qb1
{[%clk 0:38:19]} Re8 {[%clk 0:53:23]} 14. b4 {[%clk 0:34:51]} g5 {[%clk 0:37:57]}
15. Be3 {[%clk 0:34:40]} f5 {[%clk 0:38:20]} 16. Nf1 {[%clk 0:28:32]} b5
{[%clk 0:25:22]} 17. cxb5 {[%clk 0:24:11]} cxb5 {[%clk 0:25:48]} 18. Rxc8
{[%clk 0:24:37]} Bxc8 {[%clk 0:26:14]} 19. Ne5 {[%clk 0:22:59]} Nb6
{[%clk 0:21:59]} 20. Bc1 {[%clk 0:20:57]} Nc4 {[%clk 0:17:36]} 21. Nd2
{[%clk 0:18:31]} Bf6 {[%clk 0:16:27]} 22. Bb2 {[%clk 0:18:31]} Qd6
{[%clk 0:16:06]} 23. Ndxc4 {[%clk 0:17:27]} bxc4 {[%clk 0:16:21]} 24. Bc3
{[%clk 0:17:36]} Bd7 {[%clk 0:08:58]} 25. Qc2 Be7 {[%clk 0:08:58]} 26. Rb1
{[%clk 0:14:15]} Rb8 {[%clk 0:08:38]} 27. Qc1 {[%clk 0:10:35]} a6
{[%clk 0:07:27]} 28. Qd2 {[%clk 0:06:35]} Be8 {[%clk 0:06:50]} 29. Rb2
{[%clk 0:06:22]} h6 {[%clk 0:06:56]} 30. Rb1 {[%clk 0:06:13]} Nf6
{[%clk 0:06:46]} 31. Qc1 {[%clk 0:05:28]} Nd7 {[%clk 0:05:38]} 32. Nxd7
{[%clk 0:04:37]} Bxd7 {[%clk 0:05:39]} 33. e3 {[%clk 0:04:17]} Ba4
{[%clk 0:05:17]} 34. Bf3 {[%clk 0:04:29]} Qd7 {[%clk 0:04:11]} 35. Bd1
{[%clk 0:04:17]} Qb5 {[%clk 0:03:12]} 36. Rb2 {[%clk 0:03:25]} Kg7
{[%clk 0:03:08]} 37. Bc2 {[%clk 0:03:00]} Qe8 {[%clk 0:02:00]} 1/2-1/2

[Event "MP do 18 lat - chlopcy"]
[Site "Sypniewo"]
[Date "2022.03.24"]
[Round "6.2"]
[White "Czopor, Maciej"]
[Black "Seemann, Jakub"]
[Result "1-0"]
[BlackElo "2298"]
[WhiteElo "2423"]
[LiveChessVersion "1.4.8"]

1. e4 {[%clk 1:30:58]} e5 {[%clk 1:30:56]} 2. Nf3 {[%clk 1:31:24]} Nc6
{[%clk 1:31:21]} 3. Bc4 {[%clk 1:31:16]} Nf6 {[%clk 1:31:45]} 4. d4
{[%clk 1:30:50]} exd4 {[%clk 1:31:51]} 5. e5 {[%clk 1:31:14]} d5 {[%clk 1:31:53]}
6. Bb5 {[%clk 1:31:34]} Ne4 {[%clk 1:32:17]} 7. Nxd4 {[%clk 1:31:57]} Bd7
{[%clk 1:32:40]} 8. Bxc6 {[%clk 1:32:03]} bxc6 {[%clk 1:33:05]} 9. O-O
{[%clk 1:32:24]} Bc5 {[%clk 1:32:41]} 10. f3 {[%clk 1:32:33]} Ng5
{[%clk 1:33:01]} 11. f4 {[%clk 1:32:52]} Ne4 {[%clk 1:33:27]} 12. Be3
{[%clk 1:32:57]} Bb6 {[%clk 1:32:24]} 13. Nd2 {[%clk 1:32:44]} Nxd2
{[%clk 1:28:22]} 14. Qxd2 {[%clk 1:33:08]} c5 {[%clk 1:28:41]} 15. Nf3
{[%clk 1:33:33]} d4 {[%clk 1:26:36]} 16. Bf2 {[%clk 1:33:54]} Bc6
{[%clk 1:06:36]} 17. a4 {[%clk 1:34:16]} a5 {[%clk 1:06:06]} 18. f5
{[%clk 1:33:01]} Qd5 {[%clk 0:56:42]} 19. Bh4 {[%clk 1:12:48]} Kd7
{[%clk 0:48:56]} 20. b3 {[%clk 0:55:31]} Kc8 {[%clk 0:42:30]} 21. Qd3
{[%clk 0:51:14]} Kb7 {[%clk 0:39:06]} 22. Rae1 {[%clk 0:48:08]} Rae8
{[%clk 0:36:41]} 23. Re2 {[%clk 0:44:05]} g6 {[%clk 0:31:37]} 24. fxg6
{[%clk 0:33:09]} hxg6 {[%clk 0:29:45]} 25. Bf6 {[%clk 0:32:48]} Rh5
{[%clk 0:28:18]} 26. g4 {[%clk 0:25:46]} Rh3 {[%clk 0:20:17]} 27. Kg2
{[%clk 0:25:24]} Rh6 {[%clk 0:20:34]} 28. Kg3 {[%clk 0:24:07]} g5
{[%clk 0:19:39]} 29. Nxg5 {[%clk 0:17:51]} Rg6 {[%clk 0:07:16]} 30. h4
{[%clk 0:17:28]} Reg8 {[%clk 0:07:42]} 31. Rf4 {[%clk 0:08:08]} Qh1
{[%clk 0:05:11]} 32. Nf3 {[%clk 0:08:12]} c4 {[%clk 0:05:00]} 33. bxc4
{[%clk 0:08:04]} Rh6 {[%clk 0:00:38]} 34. Re1 1-0

[Event "MP do 18 lat - chlopcy"]
[Site "Sypniewo"]
[Date "2022.03.24"]
[Round "6.3"]
[White "Luberanski, Jakub"]
[Black "Niedbala, Bartlomiej"]
[Result "1-0"]
[BlackElo "2385"]
[WhiteElo "2211"]
[LiveChessVersion "1.4.8"]

1. e4 {[%clk 1:30:58]} c6 {[%clk 1:26:43]} 2. d4 {[%clk 1:31:23]} d5
{[%clk 1:27:10]} 3. Nd2 {[%clk 1:31:47]} dxe4 {[%clk 1:27:30]} 4. Nxe4
{[%clk 1:32:12]} Nf6 {[%clk 1:27:57]} 5. Nxf6+ {[%clk 1:32:37]} exf6
{[%clk 1:28:24]} 6. c3 {[%clk 1:33:03]} Bd6 {[%clk 1:28:52]} 7. Bd3
{[%clk 1:33:28]} O-O {[%clk 1:29:18]} 8. Qc2 {[%clk 1:33:53]} Re8+
{[%clk 1:29:46]} 9. Ne2 {[%clk 1:34:18]} h5 {[%clk 1:30:13]} 10. O-O
{[%clk 1:34:43]} h4 {[%clk 1:30:42]} 11. Bf4 {[%clk 1:33:53]} Na6
{[%clk 1:28:46]} 12. Bxd6 {[%clk 1:33:22]} Qxd6 {[%clk 1:28:55]} 13. h3
{[%clk 1:32:36]} Be6 {[%clk 1:26:04]} 14. Rad1 {[%clk 1:31:45]} Nc7
{[%clk 1:21:25]} 15. Rfe1 {[%clk 1:30:08]} b5 {[%clk 1:17:22]} 16. b3
{[%clk 1:20:48]} Rab8 {[%clk 1:01:19]} 17. Qc1 {[%clk 1:12:05]} a5
{[%clk 0:55:53]} 18. Qf4 {[%clk 1:06:40]} Qxf4 {[%clk 0:53:37]} 19. Nxf4
{[%clk 1:07:00]} Nd5 {[%clk 0:47:40]} 20. Nxe6 {[%clk 0:48:41]} Rxe6
{[%clk 0:44:34]} 21. Rxe6 {[%clk 0:45:29]} fxe6 {[%clk 0:44:34]} 22. Rc1
{[%clk 0:45:05]} Rd8 {[%clk 0:26:38]} 23. Be4 {[%clk 0:40:27]} Kf7
{[%clk 0:24:26]} 24. Kf1 {[%clk 0:30:07]} Ne7 {[%clk 0:16:13]} 25. Ke2
{[%clk 0:25:31]} f5 {[%clk 0:16:08]} 26. Bf3 {[%clk 0:23:16]} Kf6
{[%clk 0:15:24]} 27. g3 {[%clk 0:17:49]} hxg3 {[%clk 0:14:04]} 28. fxg3
{[%clk 0:18:16]} Rd7 {[%clk 0:11:45]} 29. Bg2 {[%clk 0:16:13]} Rd8
{[%clk 0:10:59]} 30. Bf3 {[%clk 0:16:35]} e5 {[%clk 0:10:22]} 31. dxe5+
{[%clk 0:16:03]} Kxe5 {[%clk 0:10:50]} 32. a3 {[%clk 0:13:32]} Rd7
{[%clk 0:07:05]} 33. c4 {[%clk 0:12:26]} b4 {[%clk 0:06:08]} 34. axb4
{[%clk 0:12:53]} axb4 {[%clk 0:06:33]} 35. Ra1 {[%clk 0:13:20]} c5
{[%clk 0:06:14]} 36. h4 {[%clk 0:10:37]} f4 {[%clk 0:04:26]} 37. g4
{[%clk 0:07:42]} Ng6 {[%clk 0:03:42]} 38. h5 {[%clk 0:05:15]} Nh4
{[%clk 0:02:36]} 39. Bd5 {[%clk 0:05:06]} Re7 {[%clk 0:01:46]} 40. Kf2
{[%clk 0:33:49]} Kf6 {[%clk 0:30:35]} 41. Ra6+ {[%clk 0:22:51]} Kg5
{[%clk 0:29:14]} 42. Be6 {[%clk 0:22:52]} Kf6 {[%clk 0:20:04]} 43. Bc8+
{[%clk 0:20:43]} Kg5 {[%clk 0:17:22]} 44. Be6 {[%clk 0:13:24]} Kf6
{[%clk 0:13:55]} 45. Bc8+ {[%clk 0:13:50]} Kg5 {[%clk 0:09:00]} 46. Rd6
{[%clk 0:10:03]} Re5 {[%clk 0:02:40]} 47. Rd5 {[%clk 0:08:21]} Rxd5
{[%clk 0:00:57]} 48. cxd5 {[%clk 0:08:46]} Kf6 {[%clk 0:00:48]} 49. d6
{[%clk 0:08:32]} Kf7 {[%clk 0:00:33]} 50. g5 {[%clk 0:07:59]} c4 {[%clk 0:00:31]}
51. bxc4 {[%clk 0:05:15]} b3 {[%clk 0:00:51]} 52. Bb7 {[%clk 0:05:38]} Ke6
{[%clk 0:00:33]} 53. Be4 {[%clk 0:05:07]} Nf5 {[%clk 0:00:44]} 54. d7
{[%clk 0:04:49]} Ng3 {[%clk 0:00:40]} 55. d8=Q Nxe4+ {[%clk 0:01:04]} 56. Kf3
{[%clk 0:05:00]} 1-0

[Event "MP do 18 lat - chlopcy"]
[Site "Sypniewo"]
[Date "2022.03.24"]
[Round "6.4"]
[White "Fiedorek, Michal"]
[Black "Luczak, Filip"]
[Result "1/2-1/2"]
[BlackElo "2300"]
[WhiteElo "2317"]
[LiveChessVersion "1.4.8"]

1. e4 {[%clk 1:30:56]} d5 {[%clk 1:30:57]} 2. exd5 {[%clk 1:31:05]} Nf6
{[%clk 1:31:24]} 3. d4 {[%clk 1:29:57]} Bg4 {[%clk 1:31:46]} 4. Bb5+
{[%clk 1:24:01]} Nbd7 {[%clk 1:32:06]} 5. Ne2 {[%clk 1:19:48]} Nxd5
{[%clk 1:28:59]} 6. O-O {[%clk 1:11:20]} c6 {[%clk 1:24:38]} 7. Bd3
{[%clk 1:07:39]} e6 {[%clk 1:22:06]} 8. h3 {[%clk 1:06:32]} Bh5 {[%clk 1:21:33]}
9. a3 {[%clk 1:05:46]} c5 {[%clk 1:10:47]} 10. dxc5 {[%clk 0:45:55]} Bxc5
{[%clk 1:04:38]} 11. c4 {[%clk 0:45:08]} N5f6 {[%clk 1:01:59]} 12. b4
{[%clk 0:26:33]} Be7 {[%clk 0:55:08]} 13. Bb2 {[%clk 0:26:08]} a5
{[%clk 0:54:02]} 14. c5 {[%clk 0:22:17]} O-O {[%clk 0:38:40]} 15. Qc2
{[%clk 0:21:16]} Qc7 {[%clk 0:37:53]} 16. Ng3 {[%clk 0:17:02]} Bg6
{[%clk 0:37:49]} 17. Nc3 {[%clk 0:16:26]} Bxd3 {[%clk 0:26:55]} 18. Qxd3
{[%clk 0:16:50]} Rfd8 {[%clk 0:27:01]} 19. Qe2 {[%clk 0:16:22]} b6
{[%clk 0:25:27]} 20. Nb5 {[%clk 0:10:11]} Qb7 {[%clk 0:24:29]} 21. Nd6
{[%clk 0:05:07]} Bxd6 {[%clk 0:20:44]} 22. cxd6 {[%clk 0:05:31]} axb4
{[%clk 0:20:02]} 23. axb4 {[%clk 0:05:55]} Rxa1 {[%clk 0:20:05]} 24. Rxa1
{[%clk 0:06:09]} Qc6 {[%clk 0:20:19]} 25. Rd1 {[%clk 0:04:46]} b5
{[%clk 0:18:05]} 26. Qd2 {[%clk 0:02:13]} h6 {[%clk 0:15:49]} 27. Ne2
{[%clk 0:01:46]} Ne4 {[%clk 0:11:05]} 28. Qd3 {[%clk 0:02:04]} Ndf6
{[%clk 0:10:50]} 29. Bxf6 {[%clk 0:01:59]} Nxf6 {[%clk 0:06:21]} 30. Nc3
{[%clk 0:02:14]} Nd7 {[%clk 0:03:53]} 31. Nxb5 {[%clk 0:01:32]} Rb8
{[%clk 0:03:35]} 32. Nd4 {[%clk 0:01:32]} 1/2-1/2

[Event "MP do 18 lat - chlopcy"]
[Site "Sypniewo"]
[Date "2022.03.24"]
[Round "6.5"]
[White "Dzida, Kamil"]
[Black "Budzisz, Adrian"]
[Result "1-0"]
[BlackElo "2064"]
[WhiteElo "2243"]
[LiveChessVersion "1.4.8"]

1. e4 {[%clk 1:30:58]} c5 {[%clk 1:30:34]} 2. Nf3 {[%clk 1:31:21]} d6
{[%clk 1:30:59]} 3. d4 {[%clk 1:31:46]} cxd4 {[%clk 1:31:25]} 4. Nxd4
{[%clk 1:32:09]} Nf6 {[%clk 1:31:52]} 5. Nc3 {[%clk 1:32:32]} a6 {[%clk 1:32:20]}
6. g3 {[%clk 1:32:53]} e6 {[%clk 1:31:29]} 7. Bg2 {[%clk 1:33:17]} Qc7
{[%clk 1:31:22]} 8. Be3 {[%clk 1:32:27]} Nc6 {[%clk 1:31:17]} 9. O-O
{[%clk 1:31:27]} Be7 {[%clk 1:31:40]} 10. Nxc6 {[%clk 1:31:52]} bxc6
{[%clk 1:31:51]} 11. Na4 {[%clk 1:32:18]} Rb8 {[%clk 1:26:53]} 12. c4
{[%clk 1:32:43]} e5 {[%clk 1:26:43]} 13. h3 {[%clk 1:27:45]} O-O {[%clk 1:18:44]}
14. b3 {[%clk 1:26:05]} Rd8 {[%clk 1:08:56]} 15. Rc1 {[%clk 1:26:10]} Qa5
{[%clk 1:08:54]} 16. Bd2 {[%clk 1:20:56]} Qc7 {[%clk 1:09:00]} 17. Qe1
{[%clk 1:20:44]} Re8 {[%clk 1:08:47]} 18. c5 {[%clk 1:15:59]} Be6
{[%clk 0:55:44]} 19. Ba5 {[%clk 1:13:11]} Qd7 {[%clk 0:55:25]} 20. cxd6
{[%clk 1:12:35]} Bxd6 {[%clk 0:53:00]} 21. Nb6 {[%clk 1:07:00]} Qb7
{[%clk 0:47:37]} 22. Qc3 {[%clk 1:06:46]} Bc7 {[%clk 0:46:46]} 23. Na4
{[%clk 1:05:54]} Rbc8 {[%clk 0:33:47]} 24. Nc5 {[%clk 1:03:36]} Qb5
{[%clk 0:33:02]} 25. Bxc7 {[%clk 1:02:02]} Rxc7 {[%clk 0:32:42]} 26. Qxe5
{[%clk 0:59:07]} Qa5 {[%clk 0:31:10]} 27. Qc3 {[%clk 0:57:46]} Qa3
{[%clk 0:27:15]} 28. Rfd1 {[%clk 0:56:28]} Nd7 {[%clk 0:24:15]} 29. Nxe6
{[%clk 0:56:25]} Rxe6 {[%clk 0:24:31]} 30. Rc2 {[%clk 0:55:55]} c5
{[%clk 0:24:06]} 31. e5 {[%clk 0:53:07]} Re8 {[%clk 0:21:00]} 32. f4 Nf8
{[%clk 0:21:03]} 33. Bd5 {[%clk 0:51:15]} a5 34. f5 {[%clk 0:47:00]} Qb4
{[%clk 0:21:25]} 35. e6 {[%clk 0:46:11]} fxe6 {[%clk 0:20:37]} 36. fxe6
{[%clk 0:46:36]} Kh8 {[%clk 0:17:41]} 37. Bc4 {[%clk 0:42:07]} Rce7
{[%clk 0:16:06]} 38. Qxb4 {[%clk 0:40:38]} axb4 {[%clk 0:15:51]} 39. Re2
{[%clk 0:40:48]} g6 {[%clk 0:16:03]} 40. g4 {[%clk 1:08:42]} Kg7 {[%clk 0:45:40]}
41. g5 {[%clk 1:08:41]} h6 {[%clk 0:39:05]} 42. h4 {[%clk 1:09:05]} Kh8
{[%clk 0:25:59]} 43. Rd6 {[%clk 1:05:54]} Kg7 {[%clk 0:22:40]} 44. Re5
{[%clk 1:05:49]} Ra8 {[%clk 0:21:48]} 45. Rxc5 {[%clk 1:02:10]} Rxa2
{[%clk 0:21:07]} 46. Rc8 {[%clk 1:01:35]} hxg5 {[%clk 0:20:44]} 47. hxg5
{[%clk 1:01:59]} Ra5 {[%clk 0:21:09]} 48. Bd5 {[%clk 1:01:06]} Rb5
{[%clk 0:14:59]} 49. Kf2 {[%clk 0:59:26]} Ra5 {[%clk 0:11:26]} 50. Rdd8
{[%clk 0:57:19]} Nxe6 {[%clk 0:07:18]} 51. Bxe6 {[%clk 0:56:35]} Rxg5
{[%clk 0:07:46]} 52. Rd7 {[%clk 0:56:51]} Kf6 {[%clk 0:07:56]} 53. Rxe7
{[%clk 0:57:08]} Kxe7 {[%clk 0:08:21]} 54. Bc4 {[%clk 0:57:28]} Kd6
{[%clk 0:08:24]} 55. Rb8 {[%clk 0:57:01]} Rg4 {[%clk 0:06:08]} 56. Rxb4
{[%clk 0:57:07]} Kc5 {[%clk 0:06:27]} 57. Ra4 {[%clk 0:57:00]} Rf4+
{[%clk 0:06:05]} 58. Ke3 {[%clk 0:57:24]} Rf6 {[%clk 0:06:25]} 59. Bd3
{[%clk 0:57:32]} g5 {[%clk 0:06:08]} 60. b4+ {[%clk 0:57:32]} 1-0

[Event "MP do 18 lat - chlopcy"]
[Site "Sypniewo"]
[Date "2022.03.24"]
[Round "6.6"]
[White "Redzisz, Michal"]
[Black "Poltorak, Sebastian"]
[Result "0-1"]
[BlackElo "2303"]
[WhiteElo "2223"]
[LiveChessVersion "1.4.8"]

1. e4 {[%clk 1:26:57]} c6 {[%clk 1:30:37]} 2. Nc3 {[%clk 1:26:56]} d5
{[%clk 1:31:01]} 3. Nf3 {[%clk 1:27:23]} Bg4 {[%clk 1:31:17]} 4. h3
{[%clk 1:27:44]} Bh5 {[%clk 1:28:56]} 5. exd5 {[%clk 1:10:12]} cxd5
{[%clk 1:29:20]} 6. Bb5+ {[%clk 1:10:41]} Nc6 {[%clk 1:25:14]} 7. g4
{[%clk 1:11:08]} Bg6 {[%clk 1:25:37]} 8. Ne5 {[%clk 1:11:36]} Rc8
{[%clk 1:18:02]} 9. d4 {[%clk 1:12:04]} e6 {[%clk 1:13:00]} 10. h4
{[%clk 1:11:25]} f6 {[%clk 1:13:17]} 11. Nxg6 {[%clk 0:44:31]} hxg6
{[%clk 1:13:29]} 12. Qd3 {[%clk 0:45:00]} Kf7 {[%clk 1:04:58]} 13. Bxc6
{[%clk 0:27:45]} Rxc6 {[%clk 1:00:05]} 14. h5 {[%clk 0:25:51]} gxh5
{[%clk 0:55:57]} 15. gxh5 {[%clk 0:25:12]} Ne7 {[%clk 0:53:16]} 16. Ne2
{[%clk 0:25:16]} Nf5 {[%clk 0:30:07]} 17. Bd2 {[%clk 0:22:55]} Qb6
{[%clk 0:27:41]} 18. O-O-O {[%clk 0:21:41]} Qa6 {[%clk 0:28:00]} 19. Qxa6
{[%clk 0:19:45]} Rxa6 {[%clk 0:28:25]} 20. Kb1 {[%clk 0:19:31]} Bd6
{[%clk 0:23:26]} 21. Bc1 {[%clk 0:16:42]} Rc6 {[%clk 0:22:50]} 22. Rd3
{[%clk 0:15:47]} Rcc8 {[%clk 0:21:39]} 23. a4 {[%clk 0:13:29]} Rc4
{[%clk 0:19:02]} 24. a5 {[%clk 0:11:00]} Bb4 {[%clk 0:14:07]} 25. Rb3
{[%clk 0:09:25]} Bxa5 {[%clk 0:13:33]} 26. Rxb7+ {[%clk 0:09:43]} Rc7
{[%clk 0:14:00]} 27. Rxc7+ {[%clk 0:06:05]} Bxc7 {[%clk 0:14:25]} 28. c3
{[%clk 0:05:42]} Ke7 {[%clk 0:13:38]} 29. Bf4 {[%clk 0:05:12]} e5
{[%clk 0:10:41]} 30. dxe5 {[%clk 0:05:39]} fxe5 {[%clk 0:11:05]} 31. Bg5+
{[%clk 0:03:59]} Kd6 {[%clk 0:11:31]} 32. Ng3 {[%clk 0:03:26]} Ke6
{[%clk 0:07:36]} 33. Nxf5 {[%clk 0:02:37]} Kxf5 {[%clk 0:08:01]} 34. Be3
{[%clk 0:02:48]} Bb6 {[%clk 0:08:28]} 35. Bxb6 {[%clk 0:01:29]} axb6
{[%clk 0:08:54]} 36. Kc2 {[%clk 0:01:22]} Rh6 {[%clk 0:09:02]} 37. Rg1
{[%clk 0:01:18]} Kf6 {[%clk 0:09:29]} 38. Rd1 {[%clk 0:01:46]} Ke6
{[%clk 0:07:45]} 39. Rg1 {[%clk 0:02:13]} Rf6 {[%clk 0:06:46]} 40. Rxg7
{[%clk 0:31:08]} Rxf2+ {[%clk 0:37:11]} 41. Kc1 {[%clk 0:24:39]} e4
{[%clk 0:20:37]} 42. h6 {[%clk 0:10:50]} Rh2 {[%clk 0:20:06]} 43. h7
{[%clk 0:11:17]} Kf5 {[%clk 0:17:57]} 44. Rf7+ {[%clk 0:10:30]} Ke5
{[%clk 0:17:23]} 45. Kd1 {[%clk 0:08:33]} e3 {[%clk 0:16:15]} 46. Re7+
{[%clk 0:06:09]} Kf4 {[%clk 0:16:33]} 47. Ke1 {[%clk 0:06:16]} Kf3
{[%clk 0:16:26]} 48. Rf7+ {[%clk 0:06:35]} Ke4 {[%clk 0:16:53]} 49. Rd7
{[%clk 0:07:04]} d4 {[%clk 0:14:25]} 50. Re7+ {[%clk 0:04:39]} Kd3
{[%clk 0:14:30]} 51. Kf1 {[%clk 0:05:07]} Kd2 {[%clk 0:08:39]} 52. Kg1
{[%clk 0:03:16]} Rh6 {[%clk 0:07:54]} 53. cxd4 {[%clk 0:03:34]} e2
{[%clk 0:08:16]} 54. Kf2 {[%clk 0:03:57]} Rf6+ {[%clk 0:08:43]} 55. Kg3
{[%clk 0:03:24]} Rf8 {[%clk 0:09:11]} 56. d5 {[%clk 0:02:36]} e1=Q+
{[%clk 0:04:59]} 57. Rxe1 {[%clk 0:03:04]} Kxe1 {[%clk 0:05:23]} 58. d6
{[%clk 0:03:03]} Ke2 {[%clk 0:05:31]} 59. Kg4 {[%clk 0:03:28]} Ke3
{[%clk 0:05:10]} 60. Kg5 {[%clk 0:03:55]} Ke4 {[%clk 0:04:38]} 61. Kg6
{[%clk 0:03:29]} Ke5 {[%clk 0:04:50]} 62. Kg7 {[%clk 0:03:39]} Rd8
{[%clk 0:05:17]} 63. h8=Q {[%clk 0:04:00]} Rxh8 {[%clk 0:05:43]} 64. Kxh8
{[%clk 0:04:27]} Kxd6 {[%clk 0:06:09]} 65. Kg7 {[%clk 0:03:47]} b5
{[%clk 0:06:36]} 66. Kf7 {[%clk 0:02:03]} b4 {[%clk 0:06:54]} 67. Ke8
{[%clk 0:02:18]} b3 {[%clk 0:05:08]} 68. Kd8 {[%clk 0:02:45]} Kd5
{[%clk 0:05:35]} 69. Kc7 {[%clk 0:03:13]} Kd4 {[%clk 0:05:57]} 70. Kb6
{[%clk 0:03:40]} 0-1

[Event "MP do 18 lat - chlopcy"]
[Site "Sypniewo"]
[Date "2022.03.24"]
[Round "6.7"]
[White "Suder, Jakub"]
[Black "Grzesik, Gracjan"]
[Result "0-1"]
[BlackElo "2208"]
[WhiteElo "2321"]
[LiveChessVersion "1.4.8"]

1. d4 {[%clk 1:30:55]} Nf6 {[%clk 1:30:56]} 2. c4 {[%clk 1:31:21]} e6
{[%clk 1:31:23]} 3. Nc3 {[%clk 1:31:46]} Bb4 {[%clk 1:31:38]} 4. a3
{[%clk 1:32:09]} Bxc3+ {[%clk 1:31:54]} 5. bxc3 {[%clk 1:32:32]} c5
{[%clk 1:31:56]} 6. e3 {[%clk 1:32:04]} Nc6 {[%clk 1:31:32]} 7. Bd3
{[%clk 1:31:47]} O-O {[%clk 1:31:15]} 8. Ne2 {[%clk 1:31:17]} b6 {[%clk 1:28:52]}
9. e4 {[%clk 1:27:01]} Ne8 {[%clk 1:19:53]} 10. Be3 {[%clk 1:22:25]} Ba6
{[%clk 1:01:25]} 11. Qa4 {[%clk 1:16:30]} Qc8 {[%clk 0:58:09]} 12. O-O
{[%clk 1:10:09]} d5 {[%clk 0:50:35]} 13. exd5 {[%clk 1:06:03]} exd5
{[%clk 0:49:06]} 14. Rfd1 {[%clk 0:59:54]} cxd4 {[%clk 0:34:41]} 15. cxd4
{[%clk 0:59:34]} Nd6 {[%clk 0:30:00]} 16. cxd5 {[%clk 0:55:34]} Bxd3
{[%clk 0:29:52]} 17. Rxd3 {[%clk 0:54:53]} Ne7 {[%clk 0:25:57]} 18. Qb3
{[%clk 0:48:24]} Qb7 {[%clk 0:23:48]} 19. Nc3 {[%clk 0:42:25]} Rfd8
{[%clk 0:21:54]} 20. Bg5 {[%clk 0:40:11]} h6 {[%clk 0:19:23]} 21. Bxe7
{[%clk 0:37:08]} Qxe7 {[%clk 0:19:51]} 22. Re3 {[%clk 0:34:29]} Qf6
{[%clk 0:18:57]} 23. Re5 {[%clk 0:32:20]} Rac8 {[%clk 0:18:06]} 24. Rae1
{[%clk 0:29:58]} Qf4 {[%clk 0:09:30]} 25. Ne2 {[%clk 0:25:26]} Qd2
{[%clk 0:08:53]} 26. Ng3 {[%clk 0:24:28]} Qxd4 {[%clk 0:05:18]} 27. h3
{[%clk 0:22:05]} Re8 {[%clk 0:01:25]} 28. Rxe8+ {[%clk 0:18:31]} Rxe8
{[%clk 0:01:54]} 29. Rxe8+ {[%clk 0:18:27]} Nxe8 {[%clk 0:02:22]} 30. Nf1
{[%clk 0:14:03]} Nf6 {[%clk 0:02:01]} 31. Ne3 {[%clk 0:13:44]} Qa1+
{[%clk 0:00:51]} 32. Kh2 {[%clk 0:12:55]} Qe5+ {[%clk 0:00:59]} 33. g3
{[%clk 0:12:10]} Ne4 {[%clk 0:00:37]} 34. Kg2 {[%clk 0:11:32]} Nc5
{[%clk 0:00:33]} 35. Qc2 {[%clk 0:10:25]} Kf8 {[%clk 0:00:32]} 36. Kf3
{[%clk 0:04:38]} g6 {[%clk 0:00:41]} 37. Qc4 {[%clk 0:03:56]} h5 {[%clk 0:00:35]}
38. h4 {[%clk 0:02:50]} Qf6+ {[%clk 0:00:33]} 39. Qf4 {[%clk 0:02:00]} Qxf4+
{[%clk 0:00:37]} 40. Kxf4 {[%clk 0:30:33]} Ke7 {[%clk 0:30:36]} 41. f3
{[%clk 0:28:00]} b5 {[%clk 0:24:40]} 42. Ke5 {[%clk 0:24:04]} Nd7+
{[%clk 0:21:21]} 43. Kd4 {[%clk 0:23:16]} Kd6 {[%clk 0:20:37]} 44. g4
{[%clk 0:21:23]} Nf6 {[%clk 0:15:40]} 45. a4 {[%clk 0:20:59]} hxg4
{[%clk 0:08:52]} 46. fxg4 {[%clk 0:20:03]} bxa4 {[%clk 0:07:30]} 47. Nc4+
{[%clk 0:18:41]} Ke7 {[%clk 0:03:40]} 48. d6+ {[%clk 0:11:17]} Ke6
{[%clk 0:03:16]} 49. Kc5 {[%clk 0:11:43]} Nxg4 {[%clk 0:01:48]} 50. Kc6
{[%clk 0:12:09]} Nf6 {[%clk 0:02:04]} 51. Na3 {[%clk 0:12:25]} a6
{[%clk 0:00:47]} 52. Nc2 {[%clk 0:12:51]} Ke5 {[%clk 0:00:33]} 53. Ne3
{[%clk 0:12:33]} Kd4 {[%clk 0:00:32]} 54. Nd5 {[%clk 0:12:21]} Ng4
{[%clk 0:00:36]} 55. Nb4 {[%clk 0:12:31]} a5 {[%clk 0:00:35]} 56. Kc7
{[%clk 0:12:55]} Nf6 {[%clk 0:00:37]} 57. Nc6+ {[%clk 0:13:03]} Kc5
{[%clk 0:00:39]} 58. d7 {[%clk 0:12:40]} Nxd7 {[%clk 0:00:58]} 59. Kxd7
{[%clk 0:12:53]} a3 {[%clk 0:00:55]} 60. Nxa5 {[%clk 0:13:19]} Kb4
{[%clk 0:00:42]} 0-1

[Event "MP do 18 lat - chlopcy"]
[Site "Sypniewo"]
[Date "2022.03.24"]
[Round "6.8"]
[White "Dalkowski, Rafal"]
[Black "Czernek, Tymon"]
[Result "0-1"]
[BlackElo "2229"]
[WhiteElo "2138"]
[LiveChessVersion "1.4.8"]

1. d4 {[%clk 1:30:57]} Nf6 {[%clk 1:30:53]} 2. c4 {[%clk 1:31:11]} g6
{[%clk 1:31:19]} 3. Nc3 {[%clk 1:31:26]} Bg7 {[%clk 1:31:45]} 4. e4
{[%clk 1:31:29]} d6 {[%clk 1:32:10]} 5. Be2 {[%clk 1:31:22]} O-O {[%clk 1:32:25]}
6. Bg5 {[%clk 1:31:33]} h6 {[%clk 1:25:45]} 7. Be3 {[%clk 1:31:09]} e5
{[%clk 1:25:49]} 8. d5 {[%clk 1:31:03]} Ne8 {[%clk 1:20:09]} 9. g4
{[%clk 1:27:01]} c6 {[%clk 1:11:15]} 10. Qd2 {[%clk 1:23:15]} Kh7
{[%clk 1:11:01]} 11. h4 {[%clk 1:21:53]} cxd5 {[%clk 1:08:29]} 12. cxd5
{[%clk 1:20:27]} f5 {[%clk 0:54:25]} 13. gxf5 {[%clk 1:18:20]} gxf5
{[%clk 0:54:54]} 14. exf5 {[%clk 1:17:02]} Bxf5 {[%clk 0:54:53]} 15. Nh3
{[%clk 1:14:44]} Qd7 {[%clk 0:42:39]} 16. Bd3 {[%clk 1:10:32]} Na6
{[%clk 0:42:30]} 17. O-O-O {[%clk 1:00:04]} Rc8 {[%clk 0:41:38]} 18. Kb1
{[%clk 0:57:24]} Nb4 {[%clk 0:40:55]} 19. Ne4 {[%clk 0:49:13]} Nxd3
{[%clk 0:35:14]} 20. Qxd3 {[%clk 0:48:58]} Kh8 {[%clk 0:34:54]} 21. Nhg5
{[%clk 0:46:18]} hxg5 {[%clk 0:33:17]} 22. hxg5+ {[%clk 0:46:40]} Kg8
{[%clk 0:33:44]} 23. Ka1 {[%clk 0:45:06]} Bg6 {[%clk 0:33:31]} 24. Rh4
{[%clk 0:44:43]} Nc7 {[%clk 0:28:43]} 25. Qe2 {[%clk 0:39:49]} Na6
{[%clk 0:24:00]} 26. Nf6+ {[%clk 0:33:00]} Bxf6 {[%clk 0:23:11]} 27. gxf6
{[%clk 0:33:20]} Qf5 {[%clk 0:20:21]} 28. Rg1 {[%clk 0:32:16]} Kf7
{[%clk 0:19:52]} 29. Qb5 {[%clk 0:28:21]} Rc7 {[%clk 0:18:55]} 30. a3
{[%clk 0:21:24]} Rfc8 {[%clk 0:18:34]} 31. f4 {[%clk 0:18:34]} Rc1+
{[%clk 0:17:59]} 32. Rxc1 {[%clk 0:18:25]} Rxc1+ {[%clk 0:18:25]} 33. Ka2
{[%clk 0:18:29]} Qb1+ {[%clk 0:18:51]} 34. Kb3 {[%clk 0:18:48]} Qc2+
{[%clk 0:19:07]} 0-1